Statistiques concernant Les 50... Rappeurs français #1

Cliquez ici pour prendre le quiz!

Statistiques générales

  • Ce quiz a été pris 794 fois
  • Le résultat moyen est 27 sur 50

Statistiques - réponses

Réponse% Correct
Niska
98%
Kaaris
96%
Jul
93%
Orelsan
93%
Kalash Criminel
91%
SCH
91%
Vald
91%
Booba
90%
Hatik
89%
Koba laD
87%
Naza
85%
Gambi
84%
Gazo
82%
Zola
82%
La Fouine
79%
M.H.D.
78%
Alonzo
73%
Gradur
73%
Freeze corleone
72%
Lacrim
70%
Bosh
67%
Heuss l'enfoiré
67%
Sadek
62%
Guizmo
61%
Rim'k
57%
Rohff
56%
Youssoupha
56%
Seth Gueko
52%
Kery James
49%
Medine
49%
Alkpote
47%
Mister You
46%
Lefa
43%
Jok'air
42%
MC solaar
41%
Akhenaton
31%
Oxmo Puccino
30%
Doc Gyneco
22%
Mac tyer
21%
Kool shen
20%
Mokobé
11%
Shurik'n
8%
Ap
7%
Alpha 5.20
6%
Demon one
6%
Passi
5%
Sefyu
5%
Stomy Bugsy
4%
Don choa
2%
Leeroy
1%

Distribution des résultats

Percentile par nombre de réponses

% des personnes avec chaque résultat

Votre développement - résultats

Vous n’avez pas pris ce quiz